[Event "VIE-ch U09"]
[Site "Ho Chi Minh City"]
[Date "2014.07.18"]
[Round "9"]
[White "Nguyen, Phuc Nguyen"]
[Black "Thanh, Huu Dat"]
[Result "1/2-1/2"]
[WhiteElo "1480"]
[BlackElo "1528"]
[PlyCount "63"]
[EventDate "2014.07.13"]
[EventType "swiss"]
[EventRounds "9"]
[EventCountry "VIE"]
[SourceTitle "EXT 2016"]
[Source "ChessBase"]
[SourceDate "2015.10.08"]
[SourceVersion "1"]
[SourceVersionDate "2015.10.08"]
[SourceQuality "1"]

1. d4 c6 2. c4 d5 3. e3 Nf6 4. Nc3 Bf5 5. Nf3 e6 6. Be2 Bb4 7. Bd2 Nbd7 8. Rc1 0-0 9. 0-0 Rc8 10. Qb3 Bxc3 11. Bxc3 Qb6 12. Nd2 Qxb3 13. Nxb3 dxc4 14. Bxc4 Ne4 15. Bd3 Nxc3 16. Rxc3 Bxd3 17. Rxd3 Rfd8 18. Rfd1 Kf8 19. Nc5 Nxc5 20. dxc5 Rd5 21. Rxd5 cxd5 22. b4 Ke7 23. Kf1 Kd7 24. e4 Kc6 25. exd5+ exd5 26. Ke2 Re8+ 27. Kf3 Re4 28. a3 h5 29. h3 Rc4 30. Rd3 a5 31. Rb3 axb4 32. axb4 1/2-1/2

[Event "VIE-ch U09"]
[Site "Ho Chi Minh City"]
[Date "2014.07.17"]
[Round "8"]
[White "Thanh, Huu Dat"]
[Black "Nguyen, Thanh Trung"]
[Result "0-1"]
[WhiteElo "1528"]
[BlackElo "1453"]
[PlyCount "72"]
[EventDate "2014.07.13"]
[EventType "swiss"]
[EventRounds "9"]
[EventCountry "VIE"]
[SourceTitle "EXT 2016"]
[Source "ChessBase"]
[SourceDate "2015.10.08"]
[SourceVersion "1"]
[SourceVersionDate "2015.10.08"]
[SourceQuality "1"]

1. d4 d5 2. Nf3 Nf6 3. Bf4 e6 4. e3 Bd6 5. Bxd6 Qxd6 6. c4 dxc4 7. Nc3 0-0 8. Bxc4 Bd7 9. 0-0 Nc6 10. Qc2 Qe7 11. Rac1 b6 12. a3 Rac8 13. b4 e5 14. dxe5 Nxe5 15. Nd5 Nxf3+ 16. gxf3 Nxd5 17. Bxd5 Qg5+ 18. Kh1 Qxd5 19. e4 Qh5 20. Qd3 Bh3 21. Rg1 Rcd8 22. Qc3 g6 23. Rg3 Be6 24. Rcg1 c5 25. f4 cxb4 26. axb4 Rd1 27. f5 Rxg1+ 28. Rxg1 Rc8 29. Qd3 Bc4 30. Qc3 b5 31. Rg3 Qd1+ 32. Kg2 Bf1+ 33. Kh1 Rxc3 34. fxg6 Bh3+ 35. Rg1 Qf3+ 36. Rg2 Qxg2# 0-1

[Event "VIE-ch U09"]
[Site "Ho Chi Minh City"]
[Date "2014.07.16"]
[Round "6"]
[White "Thanh, Huu Dat"]
[Black "Pham, Cong Minh"]
[Result "0-1"]
[WhiteElo "1528"]
[BlackElo "1484"]
[PlyCount "76"]
[EventDate "2014.07.13"]
[EventType "swiss"]
[EventRounds "9"]
[EventCountry "VIE"]
[SourceTitle "EXT 2016"]
[Source "ChessBase"]
[SourceDate "2015.10.08"]
[SourceVersion "1"]
[SourceVersionDate "2015.10.08"]
[SourceQuality "1"]

1. c4 Nf6 2. Nc3 g6 3. b3 Bg7 4. Bb2 0-0 5. Nf3 b6 6. g3 Bb7 7. Bg2 d6 8. 0-0 Nbd7 9. d4 c5 10. d5 Ne8 11. Qd2 Ne5 12. Rfd1 a6 13. Ne4 f6 14. Nxe5 fxe5 15. Nc3 Nf6 16. Qg5 Qd7 17. Na4 Qc7 18. Nc3 Qd7 19. Na4 Qc7 20. Nc3 Qd7 21. e4 Qg4 22. Qe3 Qd7 23. Qe2 Nh5 24. Na4 Qc7 25. Bc1 Bc8 26. Bg5 Nf6 27. Rac1 Bd7 28. Nc3 h6 29. Be3 Rf7 30. Qd2 Kh7 31. Rf1 Raf8 32. f4 Ng4 33. fxe5 Nxe5 34. Rxf7 Rxf7 35. Rf1 Rxf1+ 36. Bxf1 Nf3+ 37. Kg2 Nxd2 38. Bxd2 Bxc3 0-1